| 000 | 01311nam a2200385 c 4500 | ||
|---|---|---|---|
| 001 | 47618 | ||
| 003 | ES-MaCES | ||
| 005 | 20160505135129.0 | ||
| 008 | 160505s2016 sp 000 ||spa d | ||
| 017 |
_aM 6510-2016 _bDL |
||
| 020 | _a9788491230168 | ||
| 040 |
_aES-MaCES _bspa _cES-MaCES |
||
| 100 | 1 |
_936876 _aJuárez Torrejón, Ángel |
|
| 245 | 1 | 0 |
_aGarantías y servicios postventa a favor de los consumidores _cÁngel Juárez Torrejón |
| 260 |
_aMadrid [etc.] _bMarcial Pons _c2016 |
||
| 300 |
_a143 p. _c21 cm |
||
| 504 | _aBibliografía: p. 131-140 | ||
| 541 | _cCompra | ||
| 650 | 4 |
_aconsumidor _927902 |
|
| 650 | 4 |
_abien de consumo _927906 |
|
| 650 | 4 |
_aproducto _928263 |
|
| 650 | 4 |
_acontrato _929505 |
|
| 650 | 4 |
_acompra _927930 |
|
| 650 | 4 |
_aventas _929072 |
|
| 650 | 4 |
_aprotección del consumidor _929407 |
|
| 650 | 4 |
_aderecho comunitario _929866 |
|
| 650 | 4 |
_aderecho comparado _929868 |
|
| 650 | 4 |
_aderecho civil _927156 |
|
| 650 | 4 |
_aEspaña _926964 |
|
| 650 | 4 |
_arégimen jurídico _929894 |
|
| 653 | _aDerecho civil | ||
| 710 | 1 |
_93334 _aEspaña _tReal Decreto Legislativo por el que se aprueba el texto refundido de la Ley general para la defensa de los consumidores y usuarios y otras leyes complementarias _d2007 |
|
| 902 | _aLIB Libro | ||
| 942 |
_2CES _cBK _h6.0.7. |
||
| 999 |
_c47618 _d47618 |
||